Sekuritizácia pohľadávok versus úverová kríza

Pohľad na schému sekuritizácie úverových pohľadávok. ABS ako inovatívny štrukturovaný nástroj z oblastí peňažných a kapitálových trhov, ktorý je náhradnou alternatívou úverového financovania. Podstata modelu financovania ABS. Priebeh ABS transakcie. Ciele, výhody a riziká ABS. Porovnanie faktoringu...

Full description

Saved in:
Bibliographic Details
Main Author: Pavelka, Ľuboš, 1962-
Format: Book Chapter
Language:Slovak
Subjects:
Tags: Add Tag
No Tags, Be the first to tag this record!

MARC

LEADER 00000naa$a2200000$$$4500
001 0078590
005 20240502071912.8
041 0 |a slo 
044 |a SK 
245 1 0 |a Sekuritizácia pohľadávok versus úverová kríza  |c Ľuboš Pavelka 
520 |a Pohľad na schému sekuritizácie úverových pohľadávok. ABS ako inovatívny štrukturovaný nástroj z oblastí peňažných a kapitálových trhov, ktorý je náhradnou alternatívou úverového financovania. Podstata modelu financovania ABS. Priebeh ABS transakcie. Ciele, výhody a riziká ABS. Porovnanie faktoringu a ABS. Kríza amerických hypoték a zlyhanie modelov ABS v praxi. 
610 2 0 |a kríza finančná 
610 2 0 |a USA 
610 2 0 |a trh kapitálový 
610 2 0 |a nehnuteľnosti 
610 2 0 |a faktoring 
610 2 0 |a pohľadávky 
610 2 0 |a hypotéky 
610 2 0 |a trh hypotekárny 
610 2 0 |a sekuritizácia 
100 1 |a Pavelka, Ľuboš, 1962-